000 00595cam a2200193 a 4500
001 000017358
005 20200929165106.0
008 850711s1985 nyu j 000 f eng d
020 _a0671656589
040 _aDO-SdBNP
_beng
_cLC
_dBNPHU
082 _a813.54
_bA565h
100 1 _aAndrews, V. C.
_d1923-1986
_q(Virginia C.)
_938014
245 1 0 _aHeaven /
_cV.C. Andrews.
260 _aNew York :
_bPocket Books,
_c1985.
300 _a440, [20] p. ;
_c23 cm.
650 4 _aNovela estadounidense
_9262
650 4 _aLiteratura estadounidense
_ySIGLO XX
_96874
910 _aCatalogación por copia / LC
999 _c16883
_d16883